UBT Library

CARDIAC RHYTHM MANAGEMENT (Record no. 58394)

000 -LEADER
fixed length control field 00340nam a22001457a 4500
008 - FIXED-LENGTH DATA ELEMENTS--GENERAL INFORMATION
fixed length control field 221006b ||||| |||| 00| 0 eng d
020 ## - INTERNATIONAL STANDARD BOOK NUMBER
International Standard Book Number 0114687609542
041 ## - LANGUAGE CODE
Language code of text/sound track or separate title eng
080 ## - UNIVERSAL DECIMAL CLASSIFICATION NUMBER
Universal Decimal Classification number 616.12
082 ## - DEWEY DECIMAL CLASSIFICATION NUMBER
Classification number 616.12 JUD
100 ## - Rafti
Rafti GLOSSARY
101 ## - Shkurtesa
Shkurtesa KARDI
245 ## - TITLE STATEMENT
Title CARDIAC RHYTHM MANAGEMENT
Statement of responsibility, etc ST.JUDE MEDICAL
942 ## - ADDED ENTRY ELEMENTS (KOHA)
Source of classification or shelving scheme
Item type Books
Holdings
Withdrawn status Lost status Source of classification or shelving scheme Damaged status Not for loan Permanent location Current location Date acquired Total Checkouts Full call number Barcode Date last seen Price effective from Koha item type
          UBT - Prishtine UBT - Prishtine 10/06/2022   616.12 JUD 002-800028700136 10/06/2022 10/06/2022 Books
UBT Library © 2015-2024. All rights reserved University Education for Business and Technology